00685nam a2200181Ia 4500001001000000003000500010008004100015010001100056040000900067082002000076100002600096245008600122300001000208440001600218500012900234650008500363710005500448Para_8587CHAP220125s9999 xx 000 0 und d a207398 cCHAP aPA-C 595.752 A6 aSchlechtendal, D. Von aTrama troglodytes (Heyden) i. sen. Buckton (aphidae) /c by D. Von Schlechtendal a11 p. aAphidae; 23 aSobretiro de: Allgemeinen Zeitschrift fur Entomologie, 6 (16 y 17): 245-255, 1901. Encuadernado con otros impresos similares ax Afididos x Colecciones de escritos x Afididos x Anatomía y Fisiología aAllgemeinen Zeitxhrift fur Entomologie 6 (16 y 17)